<?xml version="1.0" encoding="UTF-8"?>
<collection xmlns="http://www.loc.gov/MARC21/slim">
 <record>
  <leader>01187nam a22002171a 4500</leader>
  <controlfield tag="001">1/19284</controlfield>
  <controlfield tag="008">020605s2001    gr a     b    101 0 gre d</controlfield>
  <datafield tag="020" ind1=" " ind2=" ">
   <subfield code="a">9608701201</subfield>
  </datafield>
  <datafield tag="035" ind1=" " ind2=" ">
   <subfield code="l">19850</subfield>
  </datafield>
  <datafield tag="040" ind1=" " ind2=" ">
   <subfield code="a">GR-PeUP</subfield>
  </datafield>
  <datafield tag="082" ind1="0" ind2="0">
   <subfield code="a">338.947 PR</subfield>
  </datafield>
  <datafield tag="110" ind1="2" ind2=" ">
   <subfield code="a">Association of South Eastern Europe Economic Universities.</subfield>
  </datafield>
  <datafield tag="245" ind1="1" ind2="0">
   <subfield code="a">Proceedings of the 1st International Conference on recent economic developments and problems in the transition economies :</subfield>
   <subfield code="b">University of Macedonia, May 24-27, 2000, Thessalooniki Greece /</subfield>
   <subfield code="c">[editor] Association of South Eastern Europe Economic Universities (ASECU).</subfield>
  </datafield>
  <datafield tag="260" ind1=" " ind2=" ">
   <subfield code="a">Thessaloniki :</subfield>
   <subfield code="b">ASECU,</subfield>
   <subfield code="c">2001.</subfield>
  </datafield>
  <datafield tag="300" ind1=" " ind2=" ">
   <subfield code="a">567 p. :</subfield>
   <subfield code="b">tables ;</subfield>
   <subfield code="c">24 cm.</subfield>
  </datafield>
  <datafield tag="500" ind1=" " ind2=" ">
   <subfield code="a">&quot;Under the auspices of the President of the Greek Republic Constantinos Stefanopoulos&quot;.</subfield>
  </datafield>
  <datafield tag="504" ind1=" " ind2=" ">
   <subfield code="a">Includes bibliographical references and index.</subfield>
  </datafield>
  <datafield tag="651" ind1=" " ind2="0">
   <subfield code="a">Europe, Central</subfield>
   <subfield code="x">Economic conditions</subfield>
   <subfield code="x">Congresses.</subfield>
  </datafield>
  <datafield tag="651" ind1=" " ind2="0">
   <subfield code="a">Europe, Eastern</subfield>
   <subfield code="x">Economic conditions</subfield>
   <subfield code="x">Congresses.</subfield>
  </datafield>
  <datafield tag="711" ind1="2" ind2=" ">
   <subfield code="a">International Conference on recent economic developments and problems in the transition economies</subfield>
   <subfield code="n">(1st :</subfield>
   <subfield code="d">2000 :</subfield>
   <subfield code="c">Thessaloniki, Greece)</subfield>
  </datafield>
  <datafield tag="852" ind1=" " ind2=" ">
   <subfield code="a">INST</subfield>
   <subfield code="b">UNIPILB</subfield>
   <subfield code="c">MAIN</subfield>
   <subfield code="e">20040709</subfield>
   <subfield code="h">338.947 PR</subfield>
   <subfield code="p">00138287</subfield>
   <subfield code="q">00138287</subfield>
   <subfield code="t">LOAN</subfield>
   <subfield code="y">0</subfield>
   <subfield code="4">1</subfield>
  </datafield>
 </record>
</collection>
